| 000 | 01132nam a22002894c 4500 | ||
|---|---|---|---|
| 003 | AR-BaSMT | ||
| 008 | 250819t2019 aga|||br|||| 000 1 spa d | ||
| 020 | _a9789871603084 | ||
| 040 |
_aBSGB _bespañol _cBSGB _erda |
||
| 041 | 0 |
_aspa _hespañol |
|
| 080 | _a82-31 | ||
| 100 | 1 |
_aSaracino, Luciano _9355 |
|
| 245 | 1 | 0 | _aMoritz y su abuelo Arcano |
| 250 | _aPrimera edición | ||
| 264 | 1 |
_aBuenos aires : _bRidechail , _c2019 |
|
| 300 |
_a32 páginas ; _bilustraciones color |
||
| 336 |
_2rdacontent _atexto _btxt |
||
| 337 |
_2rdamedia _asin mediación _bn |
||
| 338 |
_2rdacarrier _avolumen _bnc |
||
| 490 |
_aHistorias entre tumbas _vI |
||
| 520 | _aMoritz llega a su nuevo hogar y se da cuenta que no será un hogar normal: se trata de la vieja casona de un cementerio. Pero no está solo. Lo acompaña su abuelo Arcano que es el cuidador de tan siniestro lugar. Arcano conoce las historias de todas las tumbas y lo invitará a Moritz a conocerlas. | ||
| 521 | _aA partir de 12 años | ||
| 650 | 7 |
_98 _aLITERATURA INFANTIL |
|
| 700 | 1 |
_aMazali, Gustavo, _eIlustrador _9473 |
|
| 942 |
_2ddc _aBOOK |
||
| 999 |
_c632 _d632 |
||